00725nam a2200241 a 4500001001300000003000900013005001700022008004100039020002300080082001600103100001500119245004700134260005300181300000900234500003500243505001800278650002300296700001500319902000800334942000700342952011700349999001700466nice12345678IN_TiNIC20260116013856.0050524s2000 dela grp 000 0 eng  a8175343 c18500a342.02bPYL aPylee, M V aOur Constitution, Government and Politics. aDelhibUniversal Law Publishing Co.Pvt.Ltdc2000 a198p aincludes index and biblioraphy2 aSubject Index aConstitution-India1 aPylee, M V bSRS cBK 001040708StackRoom-aHMIbHMId2008-12-12g185.00l0o342.02 PYLp019788r2008-12-12v185.00w2005-05-24yBK c12913d12913